| 000 | 00424nam a22001817a 4500 | ||
|---|---|---|---|
| 005 | 20180814121904.0 | ||
| 008 | 160531b xxu||||| |||| 00| 0 eng d | ||
| 020 | _a978-0-07-062030-8 | ||
| 041 | _aeng | ||
| 082 |
_b6333 _a658.4 |
||
| 100 |
_a Massie, Joseph L. _94810 |
||
| 245 | _aEssentials of Management | ||
| 250 | _a4th ed, | ||
| 260 |
_bTMH _adelhi |
||
| 300 | _a460p, | ||
| 650 |
_aManagement _9241 |
||
| 942 | _cBK | ||
| 999 |
_c2232 _d2231 |
||